All 2022-2023 Juventus Scorers - Statistics

General Stats
  • This quiz has been taken 46 times
  • The average score is 14 of 17
Answer Stats
Nationality Goals Player % Correct
USA 3 (Serie A-UCL) Weston Mckennie
100%
Serbia 14 (Serie A-UCL-UEL) Dusan Vlahovic
97%
Colombia 2 (Serie A-Coppa Italia) Juan Cuadrado
97%
Polonia 9 (Serie A-UCL) Arkadiusz Milik
94%
Brazil 3 (Serie A) Danilo
92%
France 11 (Serie A-UCL-UEL) Adrien Rabiot
89%
Italy 4 (Serie A-Coppa Italia-UEL) Federico Chiesa
86%
Serbia 3 (Serie A) Filip Kostic
86%
Argentina 8 (Serie A-UEL) Angel Di Maria
81%
Brazil 5 (Serie A-Coppa Italia) Bremer
78%
Italy 8 (Serie A-Coppa Italia-UCL) Moise Kean
78%
England 1 (Serie A) Samuel Iling-Junior
69%
Italy 2 (UEL) Federico Gatti
67%
Italy 3 (Serie A) Nicolò Fagioli
67%
Italy 2 (Serie A-UCL) Leonardo Bonucci
64%
Argentina 1 (Serie A) Leandro Paredes
61%
Argentina 1 (Serie A) Matias Soulé
58%
No matching quizzes found
Score Distribution
Percent of People with Each Score
Percentile by Number Answered
Your Score History
You have not taken this quiz